000 01368ngm a22003370a 4500
001 PT16550
003 AR-LpoUNG
005 20210202000214.0
007 vd cvaizq
008 191001s2001||||ag |||||||||||||||||spa d
037 _c$8.30
040 _aAR-LpoUNG
_bspa
_cAR-LpoUNG
_eaacr
041 _aspa
044 _aag
082 0 _a909 532v20
245 1 3 _aLa caída del antiguo régimen :
_bla revolución francesa
260 _aBuenos Aires :
_bKalender Video Argentina,
_c2001.
300 _aVHS (56 min.) : son., byn, col.
520 _aLa revolución francesa de 1789 no sólo derribó gobiernos e instituciones políticas : transformó radicalmente el orden social. Aquellos acontecimientos dieron nuevo impulso y, en algunos casos, contenido revolucionario a movimientos posteriores, desbaratando el conservadurismo que dominaba las relaciones sociales y las institiuciones políticas en Europa y obligando a los gobernantes a enfrentarse con los problemas que la revolución planteba y unir sus fuerzas para darles solución.
650 4 _aANALISIS HISTORICO
650 4 _aASPECTOS POLITICOS
650 4 _aEUROPA OCCIDENTAL
650 4 _aHISTORIA
650 4 _aLUCHA DE CLASES
650 4 _aREVOLUCION
651 4 _aEuropa
653 _aVIDEOS
710 2 _aMetropolitan Museum of Art (New York)
905 _a16550
942 _cVIDEO
999 _c54333
_d54333